International order and foreign policy: a theoretical sketch of post-war international politics
Saved in:
| Hovedforfatter: | |
|---|---|
| Format: | Bog |
| Sprog: | engelsk |
| Udgivet: |
Boulder
Westview
1978
|
| Fag: | |
| Tags: |
Tilføj Tag
Ingen Tags, Vær først til at tagge denne postø!
|
MARC
| LEADER | 00000nam a2200000 a 4500 | ||
|---|---|---|---|
| 001 | UCT7872 | ||
| 003 | CL-VaPUC | ||
| 008 | 970317e19780000US |||||||||||||||||eng|d | ||
| 082 | 0 | 4 | |a 327.1 |b KRA |2 21 |
| 100 | 0 | |a Kratochwil, Frederick V |e author |9 379123 | |
| 245 | 1 | 0 | |a International order and foreign policy: a theoretical sketch of post-war international politics |
| 300 | |a 298 p | ||
| 942 | |c BK | ||
| 945 | |d 19970317 00:00:00 |a paguirre | ||
| 260 | |a Boulder |b Westview |c 1978 | ||
| 650 | 0 | |a Política internacional |9 255813 | |
| 650 | 0 | |a Relaciones Internacionales |9 255740 | |
| 650 | 7 | |a GUERRA MUNDIAL |2 CL-VaPUC |9 346688 | |
| 650 | 0 | |a Conflicto internacional |9 341259 | |
| 650 | 7 | |a DOCTRINAS INTERNACIONALES |2 CL-VaPUC |9 377732 | |
| 583 | |a last modification |c 19970317 00:00:00 |k Rodrigo Vera | ||
| 999 | |c 256419 |d 256417 | ||
| 952 | |0 0 |1 0 |4 0 |6 327_100000000000000_KRA_1978 |7 0 |8 A |9 279147 |a BIBDER |b BIBDER |d 2019-11-19 |i 1808753 |o 327.1 KRA 1978 |p 1808753 |r 2023-01-25 |w 2019-11-19 |y BK |k DER | ||